Classical mechanics (Record no. 1211169)
[ view plain ]
| 000 -LEADER | |
|---|---|
| fixed length control field | 01004nam a2200313Ia 4500 |
| 003 - CONTROL NUMBER IDENTIFIER | |
| control field | OSt |
| 005 - DATE AND TIME OF LATEST TRANSACTION | |
| control field | 20221007122951.0 |
| 008 - FIXED-LENGTH DATA ELEMENTS--GENERAL INFORMATION | |
| fixed length control field | 221006b |||||||| |||| 00| 0 eng d |
| 020 ## - INTERNATIONAL STANDARD BOOK NUMBER | |
| International Standard Book Number | 9789350067130 (pbk) |
| 037 ## - SOURCE OF ACQUISITION | |
| Terms of availability | Textual |
| 040 ## - CATALOGING SOURCE | |
| Original cataloging agency | PAPL |
| Transcribing agency | PAPL |
| Language of cataloging | eng |
| 041 ## - LANGUAGE CODE | |
| Source of code | eng |
| Language code of text/sound track or separate title | eng |
| 100 ## - MAIN ENTRY--PERSONAL NAME | |
| Personal name | Gupta S L |
| 245 #0 - TITLE STATEMENT | |
| Title | Classical mechanics |
| Remainder of title | Kumar V Sharma H V |
| 260 ## - PUBLICATION, DISTRIBUTION, ETC. | |
| Place of publication, distribution, etc. | Meerut |
| Name of publisher, distributor, etc. | Pragati Prakashan |
| Date of publication, distribution, etc. | 2012 |
| 300 ## - PHYSICAL DESCRIPTION | |
| Extent | xi, 398p. ill. |
| Dimensions | cm. |
| 500 ## - GENERAL NOTE | |
| General note | Index i-iip.; Reprint 2014. |
| 650 ## - SUBJECT ADDED ENTRY--TOPICAL TERM | |
| Topical term or geographic name entry element | Rigid bodies |
| 9 (RLIN) | 715508 |
| 650 ## - SUBJECT ADDED ENTRY--TOPICAL TERM | |
| Topical term or geographic name entry element | Rotating frames |
| 9 (RLIN) | 714890 |
| 650 ## - SUBJECT ADDED ENTRY--TOPICAL TERM | |
| Topical term or geographic name entry element | Hamiltonian formulation |
| 9 (RLIN) | 715823 |
| 700 ## - ADDED ENTRY--PERSONAL NAME | |
| Personal name | Kumar V |
| 700 ## - ADDED ENTRY--PERSONAL NAME | |
| Personal name | Sharma H V |
| 942 ## - ADDED ENTRY ELEMENTS (KOHA) | |
| Classification part | B7, Q2-;9 Carpa |
| Koha item type | Textual |
| Source of classification or shelving scheme | Colon Classification (CC) |
| Withdrawn status | Lost status | Source of classification or shelving scheme | Damaged status | Not for loan | Home library | Current library | Date acquired | Source of acquisition | Total Checkouts | Full call number | Barcode | Date last seen | Price effective from | Koha item type |
|---|---|---|---|---|---|---|---|---|---|---|---|---|---|---|
| Colon Classification (CC) | Department of Physics and Astrophysics Library | Department of Physics and Astrophysics Library | 2022-10-07 | 4131, 18/09/2015, Educational Book Agency (India) | B7 Q2-;9 Carpa | PA0007279 | 2022-10-07 | 2022-10-07 | Textual |
